000 00570nam a22001697a 4500
999 _c15021
_d15021
003 OSt
082 _2631.3 ABD/DE
088 _aT 46
100 _aABDUL WAHAB V. S
_92317
245 _aDevelopment and testing of a rotary type black pepper cleaner
260 _aTavanur 1995
_bKelappaji College of Agricultural Engineering and Technology
300 _a103
500 _aDevelopment and testing of a rotary type black pepper cleaner
520 _aDevelopment and testing of a rotary type black pepper cleaner
700 _aEr. Jippu Jacob (Guide)
_92268
942 _cTH